000 00337nam a2200133Ia 4500
008 100328s9999 xx 000 0 und d
082 _b39001
100 _aकुसुमाग्रज
245 _aपाथेय
260 _bपॉप्युलर
630 _aपाथेय
730 _aपाथेय
942 _cBOOK
999 _c528052
_d528049